| 000 | 00726nam a2200145 a 4500 | ||
|---|---|---|---|
| 008 | 071212s2006 ||||||||||||||||| || u | ||
| 050 | _aTHESIS/STUDENT | ||
| 100 | _aPhiri, Boniface | ||
| 245 | 1 | 0 |
_aUpgrading of the current flowsheet by proposing process routes for the recovery of cobalt from PLS via solvent extraction at Nkana Cobalt Plant _cThesis Supervised by Dr. Chileshe |
| 260 |
_aKitwe _bCopperbelt University, School of Technology,Mining Department _c2006 |
||
| 350 | _a0.00 | ||
| 650 | _aUPGRADING OF CURRENT FLOWSHHEET--NKANA COBALT PLANT | ||
| 650 | _aMINING | ||
| 995 |
_D0.00 _FCBU-MAIN LIBRARY (Kitwe) _H1 _I0.00 _M1 _UAVAILABLE _WDec 12, 2007 _ZUniversity Collection |
||
| 999 |
_c60965 _d60965 |
||